Statistics for US Vice Presidents by their President

Click here to take the quiz!

General Stats

  • This quiz has been taken 116 times
  • The average score is 27 of 48

Answer Stats

Vice President% Correct
Mike Pence
93%
Harry Truman
90%
Joe Biden
90%
Al Gore
86%
Lyndon B. Johnson
86%
Dick Cheney
83%
George H. W. Bush
83%
Gerald Ford
83%
Andrew Johnson
79%
Dan Quayle
79%
John Adams
79%
Richard Nixon
79%
Walter Mondale
79%
Theodore Roosevelt
76%
Hubert Humphrey
72%
Thomas Jefferson
72%
Calvin Coolidge
69%
John Tyler
69%
Nelson Rockefeller
69%
Spiro Agnew
69%
Aaron Burr
62%
Millard Fillmore
62%
Henry A. Wallace
55%
John Nance Garner
55%
Alben Barkley
52%
Martin Van Buren
52%
Hannibal Hamlin
48%
Charles Curtis
45%
Charles Dawes
45%
George Clinton
45%
Chester A. Arthur
41%
John C. Breckinridge
38%
Schuyler Colfax
38%
Daniel D. Tompkins
34%
Elbridge Gerry
34%
George M. Dallas
34%
Henry Wilson
34%
James S. Sherman
34%
John C. Calhoun
34%
Levi P. Morton
34%
Richard Johnson
34%
Thomas R. Marshall
34%
William R. King
34%
Adlai E. Stevenson
31%
Charles W. Fairbanks
31%
Garret Hobart
31%
Thomas A. Hendricks
31%
William A. Wheeler
28%

Score Distribution

Percentile by Number Answered

Percent of People with Each Score

Your Score History

You have not taken this quiz